La era de la revolución, 1789-1848

Gorde:
Xehetasun bibliografikoak
Egile nagusia: Hobsbawm, Eric (prefacio)
Formatua: Liburua
Hizkuntza:gaztelania
Argitaratua: Buenos Aires, Argentina Crítica 1997
Saila:Biblioteca E. J, Hobsbawm de Historia Contemporánea
Gaiak:
Etiketak: Etiketa erantsi
Etiketarik gabe, Izan zaitez lehena erregistro honi etiketa jartzen!

MARC

LEADER 00000cam a2200000 a 4500
001 UCD4037
003 CL-VaPUC
005 20220902120712.0
008 160623e19970000ag |||||||||||||||||spa|d
999 |c 365010  |d 365008 
020 |a 9879317009 
040 |c Pontificia Universidad Católica de Valparaíso 
082 0 4 |a 940.27 HOB 1997  |2 21 
100 |a Hobsbawm, Eric   |e prefacio  |9 500134 
245 1 3 |a La era de la revolución, 1789-1848 
260 |a Buenos Aires, Argentina  |b Crítica  |c 1997 
300 |a 340 páginas 
490 0 |a Biblioteca E. J, Hobsbawm de Historia Contemporánea 
583 |a last modification  |c 20190621 11:05:24  |k Rodrigo Vera 
650 7 |a HISTORIA DE FRANCIA SIGLO 18  |2 CL-VaPUC  |9 345414 
650 7 |a HISTORIA DE FRANCIA SIGLO 19  |2 CL-VaPUC  |9 345418 
650 0 |a Revolución francesa  |9 324244 
942 |c BK  |2 ddc 
945 |d 20160623 20:48:00  |a arojas 
952 |0 0  |1 0  |2 ddc  |3 erb  |4 0  |6 940_270000000000000_HOB_1997  |7 0  |8 A  |9 478702  |a FDOHBE  |b FDOHBE  |e Huesbe Llanos, Marco Antonio, 1934-  |i 5309875  |o 940.27 HOB 1997  |p 5309875  |r 2024-01-30  |t 1  |w 2019-11-24  |y BK  |z Catalogado en:20160623  |k HBE